00409nam a2200157Ia 4500008004100000020001500041082001400056100002000070245003200090250000800122260003600130300002400166500001900190600002700209650001500236240925s9999 xx 000 0 und d a9812530606 a629.8 NIS aNise, Norman S. 0aControl Systems Engineering a4th aNew York:bMc Graw HIllc,2004. a957p.bnafOriginal aIncludes Index aElectronic Engineering aTechnology